000 00655nam a2200181Ia 4500
008 100917s9999 xx 000 0 und d
082 _b49343
100 _aकाळे शैलजा
245 _aअंधारातून प्रकाशाकडे
260 _bज्ञानेश प्रकाशन / म. रा. सी. सं. मंडळ
_c1979
300 _a120
365 _b8.5
520 _aबालविभाग
630 _aअंधारातून प्रकाशाकडे
650 _aबालविभाग
730 _aअंधारातून प्रकाशाकडे
942 _cBOOK
999 _c654737
_d654734